000 01904nam a2200253Ia 4500
008 260220t1985||||xx |||||||||||||| ||spa||
040 _aPY-SlUNAC
_bspa
_erda
041 _aspa
082 _a650.13
_bK148t
100 _aKarrass, Gary
_eAutor
245 0 _aTrato hecho :
_bcómo negociar con éxito /
_cpor Gary Karrass [Autor]
250 _aSegunda edición
264 _aBuenos Aires :
_bAtlantida,
_c℗1985.
300 _a1 volumen
520 _aEn "Trato hecho: cómo negociar con éxito", Gary Karrass presenta un enfoque práctico y estratégico sobre la negociación, enfatizando la importancia de la preparación y la comunicación efectiva. El autor sostiene que la negociación no es un acto aislado, sino un proceso continuo que requiere habilidad y comprensión de las dinámicas interpersonales. A lo largo del texto, Karrass ofrece herramientas y técnicas específicas que permiten a los negociadores identificar intereses comunes, manejar objeciones y cerrar acuerdos satisfactorios. Además, se subraya la relevancia de la ética y la confianza en el establecimiento de relaciones duraderas. Karrass también aborda diversas situaciones de negociación, desde el ámbito empresarial hasta el personal, proporcionando ejemplos concretos que ilustran sus conceptos. El libro se convierte en un recurso valioso tanto para principiantes como para profesionales experimentados, al proporcionar un marco claro para mejorar las habilidades de negociación y alcanzar resultados óptimos en diversas circunstancias. Su enfoque accesible lo convierte en una guía esencial en el campo de la negociación.
653 _aHabilidades interpersonales
653 _aNegociación
653 _aResolución de conflictos
942 _b2026/02/17
_cBK
999 _c8755
_d8755